Arctic Monkeys Lyrics - The Worlds First Ever Monster Truck Front Flip - Statistics

General Stats
  • This quiz has been taken 36 times
  • The average score is 136 of 178
Answer Stats
Lyrics % Correct
a
100%
the
100%
The
100%
and
96%
And
96%
ever
96%
first
96%
flip
93%
front
93%
monster
93%
truck
93%
world's
93%
You
93%
you
93%
do
89%
I
89%
in
89%
be
85%
are
81%
button
81%
I'm
81%
just
81%
my
81%
push
81%
rest
81%
that
81%
to
81%
we'll
81%
bad
78%
cannot
78%
good
78%
got
78%
have
78%
There
78%
Trying
78%
trying
78%
explain
74%
girl
74%
I've
74%
thing
74%
things
74%
hope
70%
love
70%
don't
67%
morning
67%
summertime
67%
those
67%
for
63%
it,
63%
it
63%
laser
63%
lily
63%
of
63%
pad
63%
adjust
59%
data
59%
mood
59%
sound
59%
storage
59%
wearing
59%
access
56%
around
56%
lullaby
56%
mind
56%
tiny
56%
Wrapping
56%
Genie
52%
hats
52%
exotic
48%
gain
48%
Lizzy
48%
Nothing
48%
-thinking
48%
like
44%
Forward
41%
guiding
41%
Pattern
41%
Stetson
41%
Bastard
37%
best
37%
that's
37%
villages
33%
brain
30%
images
30%
language,
30%
Latin,
26%
More
26%
moving
26%
shrinking
26%
model
15%
No matching quizzes found
Score Distribution
Percent of People with Each Score
Percentile by Number Answered
Your Score History
You have not taken this quiz